Bioplynový potenciál slamy v Slovenskej republike

Gespeichert in:
Bibliographische Detailangaben
1. Verfasser: Malotová, Viktória (Verfasst von)
Weitere Verfasser: Hutňan, Miroslav (Betreuung Doktorarbeit)
Format: Manuskript Buch
Sprache:Slowakisch
Veröffentlicht: 2017
Schlagworte:
Online-Zugang:http://is.stuba.sk/zp/portal_zp.pl?podrobnosti=117986
Tags: Tag hinzufügen
Keine Tags, Fügen Sie das erste Tag hinzu!

MARC

LEADER 00000ntm a22000003a 4500
001 stuzp64744
003 SK-STU
005 20170715210841.1
007 ta
008 150427s2015----xo-----f-mn---000-0-slo-d
040 |a STU  |b slo 
041 0 |a slo 
100 1 |a Malotová, Viktória  |u 046290  |4 aut  |U FCHPT Ústav chemického a environmentálneho inžinierstva  |T FCHPT Oddelenie environmentálneho inžinierstva  |X 76203  |U C6290  |Y 120  |7 76203 
242 0 1 |a Biogas Potential of Straw in Slovak Republic  |y eng 
245 1 0 |a Bioplynový potenciál slamy v Slovenskej republike 
260 |c 2017 
650 4 |a bioplyn  |2 slo 
650 4 |a slama  |2 slo 
650 4 |a kukuričná siláž  |2 slo 
650 4 |a kofermentácia  |2 slo 
650 4 |a bioplynové stanice  |2 slo 
650 4 |a biogas  |2 eng 
650 4 |a biogas plants  |2 eng 
650 4 |a cofermentation  |2 eng 
650 4 |a maize silage  |2 eng 
650 4 |a straw  |2 eng 
700 1 |a Hutňan, Miroslav  |u 046290  |k Z1  |4 ths  |U FCHPT Ústav chemického a environmentálneho inžinierstva  |T FCHPT Oddelenie environmentálneho inžinierstva  |X 3355  |U C6290  |Y 120  |7 A000003355 
856 4 |u http://is.stuba.sk/zp/portal_zp.pl?podrobnosti=117986